| 000 | 00959nam a2200253 i 4500 | ||
|---|---|---|---|
| 001 | 64466 | ||
| 003 | ES-MaACL | ||
| 005 | 20250830222952.0 | ||
| 007 | t| | ||
| 008 | 031224s1975 sp ||||1| spa d | ||
| 100 | 1 |
_aFoner, Philip S. _951498 |
|
| 245 | 1 | 3 |
_aLa guerra hispano-cubano-americana y el nacimiento del imperialismo norteamericano _b: 1895-1902 / _cPhilip S. Foner ; [traducción, Encina Bodelon Velasco]. |
| 260 |
_a[Madrid] : _bAkal, _c[1975] |
||
| 300 |
_a2 v. ; _c23 cm. |
||
| 490 | 1 |
_aManifiesto ; _v10-11 |
|
| 505 | 8 | _aContiene: Vol. 1: 1895-1898 -- Vol. 2: 1898-1902 | |
| 650 | 0 | 4 |
_aGuerra hispano-americana, 1898 _913207 |
| 651 | 4 |
_aCuba- _xHistoria- _y1895-1898, Guerra de la Independencia. _98096 |
|
| 651 | 4 |
_aEstados Unidos- _xPolítica exterior- _yS.XIX. _9170133 |
|
| 700 | 1 |
_aBodelon Velasco, Encina. _929697 |
|
| 830 | 0 |
_aManifiesto ; _v10-11 _9187216 |
|
| 852 |
_aES-MaACL _jG-9094-5 _bR.92562 |
||
| 999 |
_c64466 _d64466 |
||